Представление документа в формате RUSMARC

ПолеНазваниеЗначение
  Тип записи a
  Библиографический уровень m
001 Контрольный номер UONB/MAIN/129bc5bfc53140ac966d6866332965d6
005 Дата корректировки 20260318122738.8
100 Данные общей обработки __
a Данные общей обработки 20260318g1919 u y0rusy0189 ca
101 Язык документа 0_
a Язык текста rus
102 Страна публикации __
a Страна публикации RU
105 Кодированные данные (монография) __
a Кодированные данные (монография) y z 000yy
200 Заглавие и сведения об ответственности 1_
a Заглавие Системы школьного управления
f Первые сведения об ответственности Екатерина Янжул
203 Вид содержания и тип средства __
a Вид содержания Текст
b Характеристика содержания визуальный
c Тип средства непосредственный
210 Выходные данные 1_
a Место издания Москва
c Издательство Задруга
d Дата издания 1919-
215 Физическое описание __
d Формат 18 см
225 Серия 1_
a Серия Организация школы
e Сведения, относящиеся к заглавию серии педагогическая библиотека для деятелей по народному образованию
f Сведения об ответственности под редакцией И. М. Соловьева
700 Автор _1
a Фамилия Янжул
b Имя (инициалы) Е. К.
g Полное личное имя Екатерина Николаевна
801 Источник записи _0
a Страна RU
b Организация Ульяновская ОНБ
c Дата составления 20260318
g Правила каталогизации RCR
801 Источник записи _1
a Страна RU
b Организация Ульяновская ОНБ
c Дата составления 20260318
g Правила каталогизации RCR
901 Тип документа __
t Тип документа v
909 Создатель записи __
a Создатель записи Батталова
b Дата создания записи 20260318